[Event "Moscow Open 2009 A"]
[Site ""]
[Date "2009.02.05"]
[Round "6.90"]
[White "Guseinov, Elmir"]
[Black "Stoletov, Gennadi"]
[Result "1-0"]
[WhiteElo "2439"]
[BlackElo "2306"]
[Annotator ""]
[Source ""]
[Remark ""]

1.d4 Nc6 2.Nf3 d5 3.g3 Nf6 4.Bg2 Bg4 5.Ne5 e6 6.c4 Bb4+ 7.Nc3
O-O 8.Nxg4 Nxg4 9.O-O Nf6 10.cxd5 exd5 11.Bg5 Be7 12.Bxf6 Bxf6
13.e3 Ne7 14.Qb3 c6 15.Qxb7 Qd6 16.Na4 h5 17.b3 Rfb8 18.Qa6 h4
19.Rac1 hxg3 20.hxg3 g6 21.Rc5 Kg7 22.Rfc1 Bg5 23.Nc3 Bxe3 24.fxe3
Qxg3 25.Qe2 Rh8 26.Qf3 Qh2+ 27.Kf2 Qd6 28.Ne2 Rae8 29.Qf4 Qd7
30.Ng3 1-0

[Event "Moscow Open 2009 A"]
[Site ""]
[Date "2009.02.05"]
[Round "6.91"]
[White "Kolmakov, Pavel"]
[Black "Belous, Vladimir"]
[Result "1-0"]
[WhiteElo "2284"]
[BlackElo "2431"]
[Annotator ""]
[Source ""]
[Remark ""]

1.e4 c5 2.Nf3 e6 3.d4 cxd4 4.Nxd4 a6 5.Bd3 Bc5 6.Nb3 Ba7 7.c4
Nc6 8.Bf4 Qf6 9.Qd2 Nb4 10.Bg3 Nxd3+ 11.Qxd3 h5 12.O-O h4 13.Bd6
h3 14.e5 Qf5 15.Qxf5 exf5 16.Nc3 hxg2 17.Rfe1 Ne7 18.c5 Rh6 19.Nd4
Rh5 20.Nde2 Rh4 21.Rac1 Rc4 22.Bxe7 Rxc3 23.Nxc3 Kxe7 24.Nd5+
Kd8 25.Re3 d6 26.exd6 Be6 27.Nc7 Rc8 28.Nxe6+ fxe6 29.b4 1-0

[Event "Moscow Open 2009 A"]
[Site ""]
[Date "2009.02.05"]
[Round "6.92"]
[White "Sharafiev, Azat"]
[Black "Osmolny, Vladimir I"]
[Result "1-0"]
[WhiteElo "2421"]
[BlackElo "2306"]
[Annotator ""]
[Source ""]
[Remark ""]

1.e4 c5 2.Nf3 Nf6 3.e5 Nd5 4.Nc3 e6 5.Nxd5 exd5 6.d4 Nc6 7.dxc5
Bxc5 8.Qxd5 d6 9.Ng5 Qa5+ 10.Qd2 Qxd2+ 11.Bxd2 dxe5 12.Bc4 O-O
13.O-O-O Bf5 14.Be3 Bxe3+ 15.fxe3 h6 16.Nxf7 Rxf7 17.Rhf1 Bg6
18.Rd6 Kf8 19.Rxg6 Rxf1+ 20.Bxf1 Kf7 1-0

[Event "Moscow Open 2009 A"]
[Site ""]
[Date "2009.02.05"]
[Round "6.93"]
[White "Kachko, Alexander"]
[Black "Prosviriakov, Vladimir"]
[Result "0-1"]
[WhiteElo "2401"]
[BlackElo "2305"]
[Annotator ""]
[Source ""]
[Remark ""]

1.e4 d6 2.d4 Nf6 3.Nc3 e5 4.Nf3 Nbd7 5.Bc4 Be7 6.O-O O-O 7.Re1
c6 8.a4 b6 9.b3 a6 10.Bf1 Re8 11.g3 Bf8 12.Bg2 Qc7 13.Bb2 Bb7
14.dxe5 dxe5 15.Ng5 Rad8 16.Qe2 h6 17.Nh3 Nc5 18.Nd1 a5 19.f3
Ba6 20.Qf2 Ne6 21.Ne3 Bc5 22.Bf1 Bxf1 23.Kxf1 Nd4 24.Kg2 Rd7
25.Ba3 Bxa3 26.Rxa3 Red8 27.Raa1 Qd6 28.Rac1 b5 29.Qd2 Nxf3 0-1

[Event "Moscow Open 2009 A"]
[Site ""]
[Date "2009.02.05"]
[Round "6.94"]
[White "Khojayan, Vardan"]
[Black "Soltanici, Ruslan"]
[Result "1-0"]
[WhiteElo "2272"]
[BlackElo "2400"]
[Annotator ""]
[Source ""]
[Remark ""]

1.d4 d5 2.Nf3 Nf6 3.c4 dxc4 4.Qa4+ Nbd7 5.Qxc4 e6 6.g3 a6 7.Bg2
b5 8.Qc2 Bb7 9.O-O c5 10.a4 Rc8 11.axb5 axb5 12.Qb3 Qb6 13.Na3
Bc6 14.Ne5 Nxe5 15.dxe5 Nd5 16.Qf3 Qb8 17.Bf4 Be7 18.e4 Nxf4
19.gxf4 O-O 20.Qg4 f5 21.exf6 Rxf6 22.Rfe1 Re8 23.Nc2 Qb6 24.Ne3 1-0

[Event "Moscow Open 2009 A"]
[Site ""]
[Date "2009.02.05"]
[Round "6.95"]
[White "Kotenko, Pavel"]
[Black "Solovjev, Nikolay"]
[Result "1-0"]
[WhiteElo "2398"]
[BlackElo "2304"]
[Annotator ""]
[Source ""]
[Remark ""]

1.e4 d6 2.d4 g6 3.Nc3 Bg7 4.Be3 c6 5.a4 Nf6 6.h3 O-O 7.g3 c5
8.Nge2 Qa5 9.Bg2 Nc6 10.O-O cxd4 11.Nxd4 Bd7 12.Re1 Ne5 13.Nb3
Qc7 14.Bd4 Nc4 15.Nb5 Qb8 16.Nd2 Na5 17.Bc3 Nc6 18.Nc4 {Íåðàçáîð÷èâàÿ çàïèñü}
 1-0

[Event "Moscow Open 2009 A"]
[Site ""]
[Date "2009.02.05"]
[Round "6.96"]
[White "Chudinovskikh, Alexander M"]
[Black "Kurdakov, Yuri"]
[Result "1-0"]
[WhiteElo "2379"]
[BlackElo "2277"]
[Annotator ""]
[Source ""]
[Remark ""]

1.e4 e6 2.d4 d5 3.exd5 exd5 4.Nf3 Bd6 5.c4 dxc4 6.Bxc4 Nf6 7.O-O
O-O 8.Bg5 c6 9.Nc3 Nbd7 10.Bb3 h6 11.Bh4 Re8 12.Qd3 Nc5 13.Bxf6
Nxd3 14.Bxd8 Rxd8 15.Rad1 Nf4 16.Rfe1 Be6 17.Bxe6 Nxe6 18.g3
Rac8 19.a3 Rc7 20.d5 cxd5 21.Rxd5 Be7 22.Red1 a6 23.R1d2 Kf8
24.Kg2 Ke8 25.Rd1 Rxd5 26.Nxd5 1-0

[Event "Moscow Open 2009 A"]
[Site ""]
[Date "2009.02.05"]
[Round "6.97"]
[White "Gaspariants, Garry"]
[Black "Onoprienko, Vladimir"]
[Result "1/2-1/2"]
[WhiteElo "2268"]
[BlackElo "2372"]
[Annotator ""]
[Source ""]
[Remark ""]

1.Nf3 Nf6 2.c4 c5 3.Nc3 Nc6 4.d4 cxd4 5.Nxd4 g6 6.e4 Nxd4 7.Qxd4
d6 8.Be3 Bg7 9.f3 O-O 10.Qd2 Be6 11.Rc1 Qa5 12.b3 Rfc8 13.Nb5
Qxd2+ 14.Kxd2 a6 15.Nd4 Bd7 16.Bd3 Be8 17.Rc2 Nd7 18.Rhc1 Nc5
19.Bf1 Bd7 1/2-1/2

[Event "Moscow Open 2009 A"]
[Site ""]
[Date "2009.02.05"]
[Round "6.99"]
[White "Kozlov, Gennady"]
[Black "Filipenko, Alexander V"]
[Result "1/2-1/2"]
[WhiteElo "2257"]
[BlackElo "2360"]
[Annotator ""]
[Source ""]
[Remark ""]

1.d4 d5 2.c4 c6 3.Nf3 Nf6 4.Nc3 e6 5.Bg5 h6 6.Bh4 dxc4 7.e4 g5
8.Bg3 b5 9.Be2 Nbd7 10.d5 cxd5 11.exd5 Nc5 12.dxe6 Bxe6 13.O-O
Qxd1 14.Raxd1 a6 15.Nd4 Rc8 16.Bf3 1/2-1/2

[Event "Moscow Open 2009 A"]
[Site ""]
[Date "2009.02.05"]
[Round "6.100"]
[White "Gershkowich, David"]
[Black "Biryukov, Mikhail"]
[Result "1/2-1/2"]
[WhiteElo "2360"]
[BlackElo "2257"]
[Annotator ""]
[Source ""]
[Remark ""]

1.e4 c5 2.Nf3 Nc6 3.Bb5 g6 4.c3 Bg7 5.O-O e5 6.Na3 Nge7 7.d4
cxd4 8.cxd4 exd4 9.Bf4 O-O 10.Bd6 a6 11.Bc4 b5 12.Bb3 Bb7 13.Qd2
Na7 14.Qg5 Nac8 15.Be5 Nc6 16.Qxd8 Rxd8 17.Bxg7 Kxg7 18.Rfd1
N8e7 {Íåðàçáîð÷èâàÿ çàïèñü} 1/2-1/2

[Event "Moscow Open 2009 A"]
[Site ""]
[Date "2009.02.05"]
[Round "6.101"]
[White "Omariev, Maksim"]
[Black "Iljiushenok, Ilia"]
[Result "0-1"]
[WhiteElo "2248"]
[BlackElo "2360"]
[Annotator ""]
[Source ""]
[Remark ""]

1.e4 c5 2.Nf3 e6 3.d4 cxd4 4.Nxd4 a6 5.Bd3 Bc5 6.Nb3 Ba7 7.Nc3
Nc6 8.O-O Nf6 9.Qe2 d6 10.Be3 b5 11.f4 Bxe3+ 12.Qxe3 b4 13.Ne2
Ng4 14.Qg3 h5 15.Kh1 e5 16.f5 Ne7 17.c3 a5 18.a3 bxa3 19.bxa3
Rb8 20.Nd2 Qc7 21.Nc4 Qc5 22.h3 Kd7 23.Rad1 f6 24.Nc1 Kc7 25.Be2
d5 26.exd5 Nxd5 27.Qf3 Kd8 28.Rd2 Rb7 29.Bd3 e4 30.Bxe4 Qxc4
31.Bd3 Qc7 0-1

[Event "Moscow Open 2009 A"]
[Site ""]
[Date "2009.02.05"]
[Round "6.102"]
[White "Elishev, Ivan"]
[Black "Onoprijchuk, Boris"]
[Result "0-1"]
[WhiteElo "2239"]
[BlackElo "2358"]
[Annotator ""]
[Source ""]
[Remark ""]

1.e4 c5 2.Nf3 e6 3.c4 a6 4.Nc3 Nc6 5.d4 cxd4 6.Nxd4 Qc7 7.Nxc6
dxc6 8.Be3 e5 9.Be2 Nf6 10.O-O Be7 11.f3 Be6 12.Rc1 Qa5 13.Na4
Nd7 14.c5 O-O 15.Qc2 Rad8 16.Rfd1 Rfe8 17.a3 Qc7 18.b4 Nf8 19.Nb6
Ng6 20.Bc4 Nf4 21.Bxf4 exf4 22.Bxe6 fxe6 23.Qb3 Bf6 24.Rxd8 Rxd8
25.Qxe6+ Qf7 26.Qxf7+ Kxf7 27.Nc4 Ke6 28.Kf1 Rd3 29.Ke2 Rb3 30.Kd2
Bd4 31.Rc2 g5 32.Ra2 h5 33.h3 g4 34.hxg4 hxg4 35.Ke2 gxf3+ 36.gxf3
Rc3 37.Nd2 Re3+ 38.Kd1 Bc3 39.Nc4 Rxf3 40.Rh2 Bf6 41.Rh6 Rc3
42.Nd6 Ke5 43.Ne8 Bd8 44.Nd6 Kd4 45.e5 f3 46.e6 Kd3 0-1

[Event "Moscow Open 2009 A"]
[Site ""]
[Date "2009.02.05"]
[Round "6.103"]
[White "Gordievsky, Dmitry"]
[Black "Biryukov, Dmitriy"]
[Result "1/2-1/2"]
[WhiteElo "2207"]
[BlackElo "2357"]
[Annotator ""]
[Source ""]
[Remark ""]

1.d4 d6 2.Nf3 g6 3.c4 Bg7 4.g3 Nf6 5.Bg2 O-O 6.Nc3 Nc6 7.O-O
e5 8.d5 Ne7 9.e4 h6 10.Ne1 c5 11.Nd3 Nd7 12.Be3 f5 13.Qd2 Kh7
14.f4 fxe4 15.Nxe4 Nf5 16.Kh1 Nxe3 17.Qxe3 exf4 18.Rxf4 Rxf4
19.Qxf4 Ne5 20.Nexc5 1/2-1/2

[Event "Moscow Open 2009 A"]
[Site ""]
[Date "2009.02.05"]
[Round "6.104"]
[White "Inants, Aghasi"]
[Black "Ajrapetian, Gevorg"]
[Result "1/2-1/2"]
[WhiteElo "2192"]
[BlackElo "2350"]
[Annotator ""]
[Source ""]
[Remark ""]

1.e4 c5 2.Nf3 a6 3.c3 g6 4.d4 cxd4 5.cxd4 d5 6.exd5 Nf6 7.Nc3
Bg7 8.Qb3 Nbd7 9.d6 exd6 10.Bd3 O-O 11.O-O Nb6 1/2-1/2

[Event "Moscow Open 2009 A"]
[Site ""]
[Date "2009.02.05"]
[Round "6.105"]
[White "Kremenietsky, Anatoly M"]
[Black "Kolomensky, Vladimir"]
[Result "1-0"]
[WhiteElo "2346"]
[BlackElo "2253"]
[Annotator ""]
[Source ""]
[Remark ""]

1.d4 Nf6 2.Bg5 Ne4 3.Bf4 c5 4.f3 Qa5+ 5.c3 Nf6 6.Nd2 cxd4 7.Nb3
Qd8 8.Bxb8 Rxb8 9.Qxd4 a6 10.e4 d6 11.O-O-O Qc7 12.Qa7 Bd7 13.Bxa6
e6 14.Bd3 Be7 15.g4 O-O 16.Qe3 b5 17.Kb1 b4 18.g5 Nh5 19.c4 e5
20.Ne2 Ba4 21.f4 Bxb3 22.axb3 Nxf4 23.Nxf4 exf4 24.Qxf4 Ra8 25.h4
Ra5 26.Rhf1 Qc5 27.Be2 Qe5 28.Bg4 g6 29.Bd7 Kg7 30.Bc6 f6 31.Qg4
fxg5 32.Rxf8 Bxf8 33.h5 gxh5 34.Qxh5 h6 35.Rf1 1-0

[Event "Moscow Open 2009 A"]
[Site ""]
[Date "2009.02.05"]
[Round "6.106"]
[White "Gurkin, A"]
[Black "Davydov, Sergey P"]
[Result "0-1"]
[WhiteElo "2176"]
[BlackElo "2342"]
[Annotator ""]
[Source ""]
[Remark ""]

1.e4 c5 2.b4 cxb4 3.a3 bxa3 4.d4 e6 5.c3 d5 6.e5 Qc7 7.Bd3 Nc6
8.Nxa3 Nxe5 9.Nb5 Nxd3+ 10.Qxd3 Qb8 11.Ne2 Bd6 12.Qe3 Ne7 13.Qg5
Ng6 14.Nxd6+ Qxd6 15.Ba3 Qc7 16.O-O f6 17.Qh5 Kf7 18.f4 Bd7 19.Rf3
Bb5 20.Ng3 Rad8 21.Re1 Rhe8 22.Nh1 Kg8 23.Rh3 Qxf4 0-1

[Event "Moscow Open 2009 A"]
[Site ""]
[Date "2009.02.05"]
[Round "6.107"]
[White "Gerasimov, Ivan"]
[Black "Nazaryev, Sergey"]
[Result "1/2-1/2"]
[WhiteElo "2342"]
[BlackElo "2236"]
[Annotator ""]
[Source ""]
[Remark ""]

1.d4 Nf6 2.c4 c5 3.d5 b5 4.cxb5 a6 5.e3 g6 6.Nc3 d6 7.a4 Bg7
8.Nf3 O-O 9.Bc4 axb5 10.Bxb5 e6 11.O-O exd5 12.Nxd5 Na6 13.Nxf6+
Bxf6 14.Qe2 Bb7 15.Rd1 Qe7 16.e4 Nb4 17.Bf4 Rad8 18.Bh6 Bg7 19.Bxg7
Kxg7 20.Re1 f6 21.Rac1 Qc7 22.Qd2 1/2-1/2

[Event "Moscow Open 2009 A"]
[Site ""]
[Date "2009.02.05"]
[Round "6.108"]
[White "Zimmerman, Yuri"]
[Black "Kozganbayev, Erken"]
[Result "1/2-1/2"]
[WhiteElo "2341"]
[BlackElo "2161"]
[Annotator ""]
[Source ""]
[Remark ""]

1.d4 Nf6 2.c4 c5 3.d5 b5 4.cxb5 a6 5.e3 g6 6.Nc3 d6 7.a4 Bg7
8.Nf3 O-O 9.Bc4 axb5 10.Bxb5 e6 11.O-O exd5 12.Nxd5 Na6 13.Nxf6+
Bxf6 14.Qe2 {Íåðàçáîð÷èâàÿ çàïèñü} 1/2-1/2

[Event "Moscow Open 2009 A"]
[Site ""]
[Date "2009.02.05"]
[Round "6.109"]
[White "Siritsa, Dmitry"]
[Black "Vakhlamov, Igor L"]
[Result "1-0"]
[WhiteElo "2327"]
[BlackElo "2127"]
[Annotator ""]
[Source ""]
[Remark ""]

1.e4 e5 2.Nf3 Nf6 3.Nc3 Bb4 4.Nxe5 O-O 5.Nd3 Ba5 6.e5 Ne8 7.Be2
Nc6 8.O-O d6 9.exd6 Nxd6 10.Ne1 Nd4 11.Nf3 c5 12.d3 Bxc3 13.bxc3
Nxe2+ 14.Qxe2 Re8 15.Qd2 Qf6 16.Rb1 Bg4 17.Qf4 Bxf3 18.Qxf6 gxf6
19.gxf3 b6 20.Bf4 Nf5 21.Bg3 Re2 22.Rfc1 Nxg3 23.hxg3 Rae8 24.d4
cxd4 25.cxd4 Rd2 26.Rd1 Rxc2 27.d5 Rd8 1-0

[Event "Moscow Open 2009 A"]
[Site ""]
[Date "2009.02.05"]
[Round "6.110"]
[White "Nikitin, Yuri"]
[Black "Shurunov, Arseny"]
[Result "1/2-1/2"]
[WhiteElo "2319"]
[BlackElo "2105"]
[Annotator ""]
[Source ""]
[Remark ""]

1.e4 c5 2.Nf3 e6 3.d4 cxd4 4.Nxd4 a6 5.Bd3 Qc7 6.Be3 Nf6 7.O-O
Nc6 8.Nc3 Ne5 9.h3 Bc5 10.Be2 d6 11.a4 O-O 12.Bg5 Nfd7 13.Nb3
Bb4 14.Na2 Bc5 15.Nc3 b6 16.Nxc5 Nxc5 17.f4 Nc6 18.f5 f6 19.Be3
Ne5 20.Ra3 Bb7 21.fxe6 Nxe6 22.Nd5 Qf7 23.Bh5 Qd7 24.Nxb6 Qd8
25.Nxa8 Bxa8 26.Bg4 Re8 27.Bd4 Ng5 28.Bxe5 Rxe5 29.Rd3 Nxe4 30.Bf3
Qb6+ 31.Kh2 Qb8 32.Bxe4 Bxe4 33.Rb3 Qc7 34.Rf2 d5 35.Kg1 h6 36.Qd4
Rg5 37.Qb6 Qe7 38.Qxa6 Qc5 39.Kf1 Qd4 1/2-1/2

[Event "Moscow Open 2009 A"]
[Site ""]
[Date "2009.02.05"]
[Round "6.111"]
[White "Terekhov, Konstantin"]
[Black "Arslanov, Shamil"]
[Result "0-1"]
[WhiteElo "2228"]
[BlackElo "2316"]
[Annotator ""]
[Source ""]
[Remark ""]

1.c4 e6 2.Nc3 d5 3.d4 dxc4 4.e3 Nf6 5.Nf3 a6 6.Bxc4 b5 7.Bb3
Bb7 8.O-O Nbd7 9.Qe2 c5 10.Rd1 Qb8 11.e4 cxd4 12.Nxd4 Bd6 13.g3
O-O 14.a3 Rd8 15.f4 e5 16.Nf5 Bc5+ 17.Kg2 Nxe4 0-1

[Event "Moscow Open 2009 A"]
[Site ""]
[Date "2009.02.05"]
[Round "6.112"]
[White "Losev, Dmitry"]
[Black "Bochkov, Mikhail"]
[Result "1-0"]
[WhiteElo "2313"]
[BlackElo "1400"]
[Annotator ""]
[Source ""]
[Remark ""]

1.e4 Nf6 2.e5 Nd5 3.Nf3 Nb6 4.a4 a5 5.d4 d5 6.Bd3 Bg4 7.h3 Bh5
8.e6 Qd6 9.exf7+ Bxf7 10.Ne5 N8d7 11.Nxf7 Kxf7 12.Nc3 c6 13.O-O
g6 14.Qf3+ Qf6 15.Qg3 Bg7 16.Ne2 Rhf8 17.c3 e5 18.Bc2 Rae8 19.Bg5
Qd6 20.Rae1 Kg8 21.h4 Re6 22.dxe5 Bxe5 23.Qh3 Rfe8 1-0

[Event "Moscow Open 2009 A"]
[Site ""]
[Date "2009.02.05"]
[Round "6.113"]
[White "Oparin, Grigoriy"]
[Black "Demin, Alexandr"]
[Result "1-0"]
[WhiteElo "2189"]
[BlackElo "2417"]
[Annotator ""]
[Source ""]
[Remark ""]

1.e4 e5 2.Bc4 Nf6 3.d3 Bc5 4.Nf3 d6 5.c3 O-O 6.O-O Bb6 7.Bb3
Bg4 8.h3 Bh5 9.Re1 Nc6 10.Nbd2 a5 11.a4 h6 12.Nf1 Bg6 13.Ng3
Nh5 14.Nxh5 Bxh5 15.g4 Bg6 16.Kg2 Kh8 17.Qe2 Ne7 18.Nh4 Ng8 19.Nf5
Bxf5 20.gxf5 Qh4 21.Qf3 Nf6 22.Qg3 Qxg3+ 23.fxg3 Rae8 24.Kf3
Nd7 25.h4 Kh7 26.g4 Rd8 27.g5 h5 28.Bxf7 Rxf7 29.g6+ 1-0

[Event "Moscow Open 2009 A"]
[Site ""]
[Date "2009.02.05"]
[Round "6.114"]
[White "Galkin, Vladimir"]
[Black "Shukh, Nikolai"]
[Result "0-1"]
[WhiteElo "2194"]
[BlackElo "2364"]
[Annotator ""]
[Source ""]
[Remark ""]

1.e4 c5 2.Nf3 g6 3.d4 cxd4 4.Nxd4 Bg7 5.c4 Nc6 6.Be3 Nh6 7.Be2
d6 8.Nc3 O-O 9.O-O f5 10.exf5 Nxf5 11.Nxf5 Bxf5 12.Qd2 Qa5 13.Bh6
Bxh6 14.Qxh6 Qc5 15.Rac1 Rf7 16.Nd5 Qd4 17.Qe3 Qxb2 18.c5 Qe5
19.Bc4 e6 20.cxd6 exd5 21.Qxe5 Nxe5 22.Bxd5 Nc6 23.g4 Bd7 24.Rfe1
Kf8 25.Bxf7 Kxf7 26.Rb1 b6 27.Re4 Re8 28.Rbe1 Rxe4 29.Rxe4 b5
30.f3 b4 31.Kf2 a5 32.Ke1 Be6 33.Re2 Nd4 34.Rf2 Ke8 35.Kd2 Kd7
36.Kc1 Kxd6 0-1

[Event "Moscow Open 2009 A"]
[Site ""]
[Date "2009.02.05"]
[Round "6.115"]
[White "Kulakov, Viacheslav"]
[Black "Semin, Gennadiy"]
[Result "1-0"]
[WhiteElo "2360"]
[BlackElo "2171"]
[Annotator ""]
[Source ""]
[Remark ""]

1.d4 Nf6 2.c4 d6 3.Nc3 g6 4.e4 Bg7 5.f4 O-O 6.Nf3 c5 7.Be2 cxd4
8.Nxd4 Nc6 9.Nxc6 bxc6 10.O-O Rb8 11.Kh1 Qa5 12.Rb1 Bg4 13.Be3
Qh5 14.Bxa7 Ra8 15.Bd4 Bxe2 16.Nxe2 Rxa2 17.Nc3 Ng4 18.h3 Bxd4
19.Qxd4 Ra6 20.b4 Ra3 21.b5 c5 22.Qd2 Qh4 23.Rf3 Rfa8 24.Kg1
Nf6 25.e5 dxe5 26.fxe5 Ne4 27.Nxe4 Qxe4 28.Re1 Qxc4 29.b6 Ra1
30.Rff1 Rxe1 31.Rxe1 Qe6 32.b7 Rb8 33.Qb2 Qd5 34.Rb1 Qd4+ 35.Qxd4
cxd4 36.Kf2 1-0

[Event "Moscow Open 2009 A"]
[Site ""]
[Date "2009.02.05"]
[Round "6.116"]
[White "Rettore, Ludwig"]
[Black "Morozov, Grigoriy"]
[Result "0-1"]
[WhiteElo "2178"]
[BlackElo "2306"]
[Annotator ""]
[Source ""]
[Remark ""]

1.e4 e6 2.d4 d5 3.Nc3 Bb4 4.e5 Qd7 5.a3 Bxc3+ 6.bxc3 b6 7.Nh3
Ba6 8.Bxa6 Nxa6 9.O-O Ne7 10.Nf4 g6 11.Qf3 O-O-O 12.Nd3 h6 13.a4
Nc6 14.Bd2 Na5 15.Rfb1 Nb8 16.Nb2 g5 17.c4 Nxc4 18.Nxc4 dxc4
19.Bc3 Nc6 20.a5 Kb8 21.axb6 cxb6 22.d5 Qxd5 23.Qxf7 Rhf8 24.Qg7
Qc5 25.Kh1 Rxf2 26.Rd1 Rxd1+ 27.Rxd1 Qf8 28.Qxf8+ Rxf8 29.h4
Rf2 30.hxg5 hxg5 0-1

[Event "Moscow Open 2009 A"]
[Site ""]
[Date "2009.02.05"]
[Round "6.117"]
[White "Rozanov, Pavel B"]
[Black "Chizhikov, Vladislav"]
[Result "1/2-1/2"]
[WhiteElo "2306"]
[BlackElo "2167"]
[Annotator ""]
[Source ""]
[Remark ""]

1.d4 d5 2.c4 c6 3.Nf3 Nf6 4.Nc3 e6 5.Bg5 h6 6.Bxf6 Qxf6 7.e3
Nd7 8.cxd5 exd5 9.Bd3 Be7 10.Qc2 O-O 11.O-O-O b5 12.Kb1 b4 13.Na4
Nb6 14.h3 Nxa4 15.Qxa4 a5 16.Rc1 Bb7 17.Rhf1 Bd6 18.Nd2 Rfe8
19.Nb3 Bc7 20.Ka1 Bb6 21.Nc5 Bc8 22.Qc2 Bc7 23.Qd2 Bd6 24.Be2
Qd8 25.Bd1 Bxc5 26.Rxc5 Ba6 27.Be2 Bxe2 28.Qxe2 1/2-1/2

[Event "Moscow Open 2009 A"]
[Site ""]
[Date "2009.02.05"]
[Round "6.118"]
[White "Seliverstov, Vladimir"]
[Black "Pasiev, Rakhim"]
[Result "0-1"]
[WhiteElo "2303"]
[BlackElo "2152"]
[Annotator ""]
[Source ""]
[Remark ""]

1.d4 e6 2.c4 f5 3.Nf3 Nf6 4.g3 d5 5.Bg2 Bd6 6.O-O c6 7.Bf4 Bxf4
8.gxf4 O-O 9.Nc3 b6 10.Ne5 Bb7 11.Qa4 Qd6 12.Rac1 Nbd7 13.b4
Rfc8 14.Rfd1 a5 15.b5 c5 16.cxd5 exd5 17.dxc5 bxc5 18.Nc4 Qe6
19.Ne3 Nb6 20.Qa3 Rab8 21.Na4 Nxa4 22.Qxa4 Ne4 23.Qb3 c4 24.Qb2
c3 25.Qb3 Rd8 26.Rd4 Qd6 27.Bxe4 fxe4 28.Rxc3 a4 29.Qd1 Qxf4
30.Kg2 Qe5 31.Rc5 Rbc8 32.Rxc8 Rxc8 33.Rxa4 Qb2 0-1

[Event "Moscow Open 2009 A"]
[Site ""]
[Date "2009.02.05"]
[Round "6.119"]
[White "Cherenkova, Kristina"]
[Black "Shefer, Alexander"]
[Result "1-0"]
[WhiteElo "2270"]
[BlackElo "2146"]
[Annotator ""]
[Source ""]
[Remark ""]

1.e4 c6 2.d4 Na6 3.Nf3 Nc7 4.Bd3 g6 5.O-O Bg7 6.Re1 Nh6 7.c4
f6 8.Nc3 Nf7 9.b4 O-O 10.Qb3 d6 11.h3 e5 12.d5 f5 13.b5 c5 14.b6
axb6 15.Qxb6 Ra6 16.Qb3 f4 17.Na4 h5 18.Nb6 g5 19.Nxc8 Qxc8 20.Be2
g4 21.hxg4 hxg4 22.Nh2 Nh6 23.Qd1 Ne8 24.Nxg4 Nf6 25.Nxh6+ Bxh6
26.Bf3 Qd7 27.Re2 Qa4 28.Qxa4 Rxa4 29.Rc2 Rfa8 30.a3 1-0

[Event "Moscow Open 2009 A"]
[Site ""]
[Date "2009.02.05"]
[Round "6.120"]
[White "Syrchikov, Alexander"]
[Black "Ezhikov, Vitaly"]
[Result "1-0"]
[WhiteElo "2261"]
[BlackElo "2136"]
[Annotator ""]
[Source ""]
[Remark ""]

1.Nf3 Nf6 2.d4 g6 3.c4 Bg7 4.Nc3 O-O 5.e4 d6 6.Be2 e5 7.dxe5
dxe5 8.Qxd8 Rxd8 9.Bg5 Re8 10.Nd5 Nxd5 11.cxd5 h6 12.Be3 c6 13.Bc4
Bd7 14.O-O-O cxd5 15.Bxd5 Bc6 16.Kb1 Bxd5 17.Rxd5 Nc6 18.g4 Rad8
19.Rhd1 b6 20.a3 Kf8 21.b4 Rxd5 22.Rxd5 Rd8 23.Rxd8+ Nxd8 24.Kc2
Nb7 25.Kd3 Nd6 26.Nd2 Ke7 27.Nc4 Kd7 28.Nxd6 Kxd6 29.Kc4 Kc6
30.b5+ Kd6 31.a4 f5 32.gxf5 gxf5 33.exf5 e4 34.Bf4+ Be5 35.Bg3
Bxg3 36.hxg3 Ke5 37.g4 1-0

[Event "Moscow Open 2009 A"]
[Site ""]
[Date "2009.02.05"]
[Round "6.121"]
[White "Vorobjov, Denis S"]
[Black "Yeo, Michael J"]
[Result "1/2-1/2"]
[WhiteElo "2259"]
[BlackElo "2120"]
[Annotator ""]
[Source ""]
[Remark ""]

1.Nf3 Nc6 2.e4 e5 3.Bb5 a6 4.Bxc6 dxc6 5.O-O f6 6.h3 Ne7 7.d4
exd4 8.Qxd4 Qxd4 9.Nxd4 c5 10.Nf3 Bd7 11.Be3 Ng6 12.a4 O-O-O
13.Nc3 f5 14.Bg5 Re8 15.Rfe1 Bd6 16.h4 Ne5 17.Nd2 h6 18.Be3 Ng4
19.Nc4 Be7 20.g3 Be6 21.Nd5 Nxe3 22.Rxe3 f4 23.Rd3 g5 24.h5 fxg3
25.fxg3 Bg4 26.Nce3 c4 27.Rc3 Bc5 28.Rxc4 Bxe3+ 29.Nxe3 Bxh5
30.Nd5 Be2 31.Rxc7+ Kb8 32.Re7 Rxe7 33.Nxe7 Re8 1/2-1/2

[Event "Moscow Open 2009 A"]
[Site ""]
[Date "2009.02.05"]
[Round "6.122"]
[White "Meribanov, Vitaly"]
[Black "Dimukhametov, Artur"]
[Result "0-1"]
[WhiteElo "2125"]
[BlackElo "2250"]
[Annotator ""]
[Source ""]
[Remark ""]

1.e4 e6 2.d4 b6 3.Nf3 Bb7 4.Bd3 c5 5.O-O cxd4 6.Nxd4 d6 7.Nc3
a6 8.Be3 Qc7 9.f4 Nf6 10.Qf3 b5 11.a4 Nbd7 12.Rae1 Nc5 13.Bf2
Be7 14.Qh3 h5 15.Kh1 d5 16.e5 Ng4 17.Bg1 g6 18.Nf3 Nd7 19.Ne2
Bc5 20.Bxc5 Nxc5 21.Ned4 O-O-O 22.Ng5 Kb8 23.c3 Rd7 24.Bc2 Qb6
25.Qf3 Nh6 26.Qe3 Ng4 27.Qd2 Re7 28.Qe2 Nh6 29.Ra1 Nd7 0-1

[Event "Moscow Open 2009 A"]
[Site ""]
[Date "2009.02.05"]
[Round "6.123"]
[White "Baghdasaryan, Vahe"]
[Black "Jakovlev, Alexander"]
[Result "1-0"]
[WhiteElo "2246"]
[BlackElo "1957"]
[Annotator ""]
[Source ""]
[Remark ""]

1.e4 c5 2.Nf3 Nc6 3.d4 cxd4 4.Nxd4 Nf6 5.Nc3 d6 6.Bg5 e6 7.Qd2
Bd7 8.O-O-O a6 9.f3 Be7 10.h4 h6 11.Be3 Qa5 12.Nb3 Qc7 13.g4
Ne5 14.Be2 Nc4 15.Bxc4 Qxc4 16.g5 hxg5 17.hxg5 Nh5 18.f4 g6 19.f5
gxf5 20.exf5 Bc6 21.Na5 Qb4 22.Nxc6 bxc6 23.Qd4 Qxd4 24.Rxd4
c5 25.Rdh4 1-0

[Event "Moscow Open 2009 A"]
[Site ""]
[Date "2009.02.05"]
[Round "6.124"]
[White "Apryshko, Gleb"]
[Black "Kotov, Alexander"]
[Result "1-0"]
[WhiteElo "2074"]
[BlackElo "2203"]
[Annotator ""]
[Source ""]
[Remark ""]

1.e4 c5 2.Nf3 e6 3.d3 Nc6 4.g3 d5 5.Nbd2 Nf6 6.Bg2 dxe4 7.dxe4
b6 8.O-O Bb7 9.Re1 Be7 10.c3 O-O 11.Qa4 Na5 12.Nf1 Qd7 13.Qc2
Rad8 14.Ne5 Qc8 15.Ne3 Nd7 16.Nxd7 Rxd7 17.Ng4 c4 18.Bf4 b5 19.Ne5
Rdd8 20.Nf3 Nc6 21.e5 h6 22.h4 Rd3 23.Nh2 Nb8 24.Bxb7 Qxb7 25.h5
Rfd8 26.a4 a6 27.axb5 axb5 28.Be3 Nd7 29.Qe2 Qd5 30.Bf4 Bc5 31.Qg4
Kf8 32.Qe2 Nb6 33.Ng4 Na4 34.Kh2 Ke7 35.Rf1 Bb6 36.Rae1 Rc8 37.f3
Rd8 38.Kg2 Bc5 39.Ra1 Qb7 40.Kh3 Nb6 41.Bc1 1-0

[Event "Moscow Open 2009 A"]
[Site ""]
[Date "2009.02.05"]
[Round "6.125"]
[White "Sidorovsky, Evgeny"]
[Black "Antipov, Mikhail Al"]
[Result "1/2-1/2"]
[WhiteElo "1400"]
[BlackElo "2194"]
[Annotator ""]
[Source ""]
[Remark ""]

1.d4 d5 2.Nf3 Nf6 3.g3 Bf5 4.Bg2 c6 5.c3 Nbd7 6.O-O h6 7.Nbd2
e6 8.Re1 Be7 9.h3 O-O 10.b3 Rc8 11.b4 b6 12.Qa4 c5 13.Bb2 cxb4
14.cxb4 Bc2 15.Nb3 Rc4 16.Qxa7 Bxb4 17.Ba3 Bxa3 18.Qxa3 Qc7 19.Qb2
Rc8 20.Nbd2 1/2-1/2

[Event "Moscow Open 2009 A"]
[Site ""]
[Date "2009.02.05"]
[Round "6.126"]
[White "Robson, Ray"]
[Black "Marchuk, Maxim"]
[Result "1-0"]
[WhiteElo "2455"]
[BlackElo "1400"]
[Annotator ""]
[Source ""]
[Remark ""]

1.e4 e6 2.d4 b6 3.Nf3 Bb7 4.Bd3 c5 5.c3 cxd4 6.cxd4 Nf6 7.Nc3
Bb4 8.e5 Ne4 9.O-O Nxc3 10.bxc3 Bxc3 11.Rb1 Nc6 12.Qa4 h6 13.Be4
O-O 14.Rb3 Ba5 15.d5 exd5 16.Bxd5 Qc7 17.Bxh6 Nb4 18.Bxb7 Qxb7
19.Bc1 Qc6 20.Rxb4 Bxb4 21.Qxb4 Rac8 22.Be3 Qc4 23.Qxc4 Rxc4
24.Rd1 Rfc8 25.h3 R8c7 26.Nd4 a6 27.Nf5 b5 28.Ne7+ Kf8 29.Nd5
Rb7 30.Nb6 Rcc7 31.Rd3 Ke8 32.Ra3 g6 33.Rxa6 Ra7 34.Nd5 1-0

[Event "Moscow Open 2009 A"]
[Site ""]
[Date "2009.02.05"]
[Round "6.127"]
[White "Kanygin, Nikolai N"]
[Black "Skvortsov, Mikhail S"]
[Result "1/2-1/2"]
[WhiteElo "2106"]
[BlackElo "2373"]
[Annotator ""]
[Source ""]
[Remark ""]

1.d4 d5 2.e3 Bf5 3.c4 c6 4.Nc3 e6 5.Nf3 Nd7 6.cxd5 exd5 7.Bd3
Bxd3 8.Qxd3 Ngf6 9.O-O Bd6 10.e4 dxe4 11.Nxe4 Nxe4 12.Qxe4+ {%02Íåðàçáîð÷èâàÿ çàïèñü}
 1/2-1/2